| 000 | 00348 a2200157 4500 | ||
|---|---|---|---|
| 001 | 195081 | ||
| 020 | _a978-85-250-6810-1 | ||
| 040 | _cMagnum | ||
| 100 | _aLee, Rita | ||
| 240 | 1 | 0 |
_aDr. Alex na Amazônia _lpor |
| 245 | 1 | 0 | _aDr. Alex na Amazônia |
| 362 | 0 | _a2019 | |
| 440 | 1 | _aGlobinho | |
| 697 | _aLITERATURA INFANTO-JUVENIL | ||
| 942 | _cBK | ||
| 999 |
_c195081 _d195081 |
||